No dry season. (Record no. 16846)

000 -LEADER
fixed length control field 00589nam a2200181 a 4500
001 - CONTROL NUMBER
control field :::00020138$&:&@@
003 - CONTROL NUMBER IDENTIFIER
control field OkBaRHE
005 - DATE AND TIME OF LATEST TRANSACTION
control field 20011215113009.0
008 - FIXED-LENGTH DATA ELEMENTS--GENERAL INFORMATION
fixed length control field s1996 j 000 0 eng u
040 ## - CATALOGING SOURCE
Transcribing agency
100 1# - MAIN ENTRY--PERSONAL NAME
Personal name Parsley, Rod
245 10 - TITLE STATEMENT
Title No dry season.
260 ## - PUBLICATION, DISTRIBUTION, ETC. (IMPRINT)
Place of publication, distribution, etc Orlando, FL
Name of publisher, distributor, etc Creation House
Date of publication, distribution, etc 1996
300 ## - PHYSICAL DESCRIPTION
Extent 189 p.
942 ## - ADDED ENTRY ELEMENTS (KOHA)
Source of classification or shelving scheme
Koha item type Books
Copies
Barcode Lost status Date last seen Shelving location Withdrawn status Price effective from Damaged status Koha item type Permanent Location Full call number Date acquired Copy number Not for loan Source of classification or shelving scheme
20138 2010-04-14General Stacks 2010-04-14 BooksRHEMA Bible Training CollegeBV 4501.2 .P352362010-04-141  
21133 2010-04-14General Stacks 2010-04-14 BooksRHEMA Bible Training CollegeBV 4501.2 .P352362010-04-142